La construcción discursiva de la prevención del delito en México 2006-2009 /
שמור ב:
| מחבר ראשי: | |
|---|---|
| פורמט: | Texto |
| תגים: |
הוספת תג
אין תגיות, היה/י הראשונ/ה לתייג את הרשומה!
|
MARC
| LEADER | 00000 a a2200000 04500 | ||
|---|---|---|---|
| 001 | 48851 | ||
| 003 | |||
| 040 | |||
| 100 | |a Quintana Navarrete, Miguel | ||
| 245 | |a La construcción discursiva de la prevención del delito en México 2006-2009 / |c Miguel Quintana Navarrete | ||
| 773 | |a volumen21, número42, (2013), páginas 55-78 | ||
| 999 | |c 35704 |d 35704 | ||
